| 000 | 00377nam a22001697a 4500 | ||
|---|---|---|---|
| 005 | 20180519105845.0 | ||
| 008 | 160613b xxu||||| |||| 00| 0 eng d | ||
| 020 | _a978-0-07463311-3 | ||
| 041 | _aeng | ||
| 082 |
_b7111 _a519.2 |
||
| 100 |
_aBalagurusamy E _9165 |
||
| 245 | _aNumerical Methods | ||
| 260 | _bTMH | ||
| 300 | _a608 | ||
| 650 |
_aManagement _9241 |
||
| 942 | _cBK | ||
| 999 |
_c2470 _d2469 |
||